| 000 | 00401nam a2200169Ia 4500 | ||
|---|---|---|---|
| 008 | 230524s9999 xx 000 0 und d | ||
| 020 | _a9788121928595 | ||
| 082 |
_a621 _bRAJ |
||
| 100 | _aR.k.Rajput | ||
| 245 | 2 | _aA Textbook of Mechatronics | |
| 250 | _a1 | ||
| 260 |
_aNew Delhi _bS.Chand _c2016 |
||
| 300 | _a"xx,792p;" | ||
| 500 | _aQuantity Number: 32 | ||
| 650 | _aMechanics | ||
| 942 | _cBK | ||
| 999 |
_c60457 _d60457 |
||